000 00389nam a2200157Ia 4500
008 230917s9999||||xx |||||||||||||| ||und||
040 _e104213
_aMAIN
041 _aEnglish
082 _a810.9 M728S
100 _aMoi Toril
245 0 _aSexual/textual politics: feminist literary theory
250 _a2nd ed.
260 _aLondon
_bRoutledge
_c2002
300 _a221 p.
942 _cBK
999 _c117679
_d117679